| 000 | 01771cam a22003857a 4500 | ||
|---|---|---|---|
| 001 | 13617255 | ||
| 003 | NUST-PNEC | ||
| 005 | 20170116180703.0 | ||
| 008 | 040607s2003 gw a b 000 0 eng d | ||
| 010 | _a 2004274728 | ||
| 015 | _aGBA3-Y5333 | ||
| 020 | _a3540434925 | ||
| 035 | _a(CStRLIN)CUBGGLAD185106332-B | ||
| 035 | _a(CU)GLAD185106332 | ||
| 040 |
_a*UKM* _cPNEC |
||
| 042 | _alccopycat | ||
| 050 | 0 | 0 |
_aTJ241 _b.M325 2003 |
| 082 | 0 | 0 |
_a621.8 DAS _222 |
| 100 |
_9283 _aDashchenko, Anatoli |
||
| 245 | 0 | 0 |
_aManufacturing technologies for machines of the future : _b21st century technologies / _cAnatoli Dashchenko (editor). |
| 260 |
_aBerlin ; _aNew York : _bSpringer, _cc2003. |
||
| 300 |
_axxx, 820 p. : _bill. ; _c25 cm. |
||
| 500 | _ahttp://www.amazon.com/Manufacturing-Technologies-Machines-Future-Century/dp/3540434925/ref=sr_1_1?s=books&ie=UTF8&qid=1410597936&sr=1-1&keywords=3540434925 | ||
| 504 | _aIncludes bibliographical references. | ||
| 538 | _aSystem requirements: IBM PC or compatible computer; Pentium, 64 MB RAM and higher; Windows 95/98/2000/NT/ME/XP; Mediaplayer 6.4.1 or higher; CD-ROM drive. | ||
| 650 | 0 |
_aMachinery industry _xME, IME |
|
| 650 | 0 |
_aMetal-work _xTechnological innovations. |
|
| 650 | 0 |
_aProduction engineering _xTechnological innovations. |
|
| 700 | 1 |
_aDashchenko, A. I. _q(Anatoliĭ Iosifovich) |
|
| 856 | 4 | 2 |
_3Publisher description _uhttp://www.loc.gov/catdir/enhancements/fy0817/2004274728-d.html |
| 856 | 4 | 1 |
_3Table of contents only _uhttp://www.loc.gov/catdir/enhancements/fy0817/2004274728-t.html |
| 906 |
_a7 _bcbc _ccopycat _d2 _encip _f20 _gy-gencatlg |
||
| 942 |
_2ddc _cBK |
||
| 999 |
_c60627 _d60627 |
||